Countries with the Largest Temperature Range - Statistics

General Stats
  • This quiz has been taken 250 times
  • The average score is 16 of 22
Answer Stats
°C Country % Correct
113 Russia
99%
119 United States
99%
102 China
96%
108 Canada
95%
85 India
91%
85 France
81%
106 Pakistan
80%
100 Iran
78%
95 Turkey
77%
99 Mongolia
75%
102 Afghanistan
74%
86 Germany
73%
88 Norway
73%
91 Sweden
72%
89 Finland
70%
97 Italy
70%
86 Turkmenistan
57%
98 Kyrgyzstan
56%
88 Austria
48%
86 Armenia
44%
85 Serbia
25%
89 Bosnia and Herzegovina
21%
No matching quizzes found
Score Distribution
Percent of People with Each Score
Percentile by Number Answered
Your Score History
You have not taken this quiz